Vista normal
Vista MARC
Entrada Personal Name
Número de registros utilizados en: 1
001 - CONTROL NUMBER
- control field: 9026
003 - CONTROL NUMBER IDENTIFIER
- control field: DLC
005 - DATE AND TIME OF LATEST TRANSACTION
- control field: 20210224140607.0
008 - FIXED-LENGTH DATA ELEMENTS
- fixed length control field: 950207n| azannaab |a aaa c
010 ## - LIBRARY OF CONGRESS CONTROL NUMBER
- LC control number: nr 95004742
040 ## - CATALOGING SOURCE
- Original cataloging agency: NjP
- Language of cataloging: spa
- Description conventions: rda
- Transcribing agency: Mx-PuUPA
- Modifying agency: DLC
- Modifying agency: Mx-PuUPA
046 ## - SPECIAL CODED DATES
- Birth date: 1945
100 1# - HEADING--PERSONAL NAME
- Personal name: Fernández, Delfina,
- Dates associated with a name: 1945-
370 ## - ASSOCIATED PLACE
- Place of birth: Esguevillas de Esgueva (España)
373 ## - ASSOCIATED GROUP
- Associated group: Universidad Central de Bayamón
374 ## - OCCUPATION
- Occupation: Autora
375 ## - GENDER
- Gender: mujer
377 ## - ASSOCIATED LANGUAGE
- Language code: spa
400 1# - SEE FROM TRACING--PERSONAL NAME
- Personal name: Fernández Pascua, Delfina,
- Dates associated with a name: 1945-
400 1# - SEE FROM TRACING--PERSONAL NAME
- Personal name: Pascua, Delfina Fernández,
- Dates associated with a name: 1945-
670 ## - SOURCE DATA FOUND
- Source citation: Ultimos reductos españoles en América, c1992:
- Information found: t.p. (Delfina Fernández) cover p. 2 (b. 1945 in Esguevilla de Esgueva, Valladolid; Ph. D. in history; dean, Univ. Central de Bayamón, Puerto Rico)
670 ## - SOURCE DATA FOUND
- Source citation: Her Ramón Power y Giralt y las Cortes de Cádiz, 2012:
- Information found: t.p. (Delfina Fernández Pascua) p. 106 (former dean Univiversidad Central de Bayamón, Puerto Rico)
670 ## - SOURCE DATA FOUND
- Source citation: La resistencia española en Venezuela después de Carabobo y el respaldo de Puerto Rico (1988)
- Information found: solapa (Delfina Fernández)
670 ## - SOURCE DATA FOUND
- Source citation: Biblioteca del congreso (Estados Unidos), 26 febrero 2019:
- Information found: catálogo electrónico
- Uniform Resource Identifier: https://goo.gl/84gZW4